000 00626nam a2200193Ia 4500
003 IN-BaIIA
008 211028s9999 xx 000 0 eng d
020 _a978-3-527-40979-2
040 _cIIA Library
080 _a530.145
_bZEL-1
100 _aZelevinsky, Vladimir
_934312
245 0 _aQuantum physics
_bvol. 1, from basics to symmetries and perturbations
_cVladimir Zelevinsky
260 _aWeinheim
_bWiley-VCH Verlag Gmbh
_c2011
300 _axiv, 602p.
650 _aDiscrete symmetries
_934313
650 _aQuantum dynamics
_910561
650 _aQuantum theory
942 _cBK
999 _c18012
_d18012